000 00499nam a2200169Ia 4500
003 GCL
008 140319s9999 xx 000 0 eng d
040 _aGCL /
_cGCL
082 0 4 _a658.3
_bW H
100 1 _aWALKER, ALFRED J.
245 1 0 _aHANDBOOK OF RESOURCE INFORMATION SYSTEMS: RESHARPING /
_cWALKER, ALFRED J.
260 _a[S.N] :
_bMC GRAW - HILL ،
_c1993
300 _a291\P
650 0 4 _aMANAGEMENT - INFORMATION SYSTEM
650 0 4 _aINFORMATION STORAGE AND RETRIEVAL
942 _2ddc
_cBK
999 _c20826
_d20826